Mitiga International Airport Destinations (Tripoli, Libya) - Map - Statistics

General Stats
  • This quiz has been taken 27 times
  • The average score is 17 of 25
Answers on the Map
Answers color-coded by a green-red scale on the quiz's map according to % correct below.
 
Answer Stats
Destination % Correct
Alexandria
100%
Athens
100%
Cairo
100%
Dubai (International)
100%
Istanbul
100%
Jeddah
100%
Milan (Malpensa)
100%
Rome (Fiumicino)
100%
Casablanca
95%
Amman (Queen Alia)
90%
Medina
90%
Niamey
90%
Tunis
90%
Malta
85%
Port Sudan
80%
Benghazi
70%
Sfax
65%
Djerba
50%
Tobruk
40%
Sabha
30%
Beida
5%
Ghat
5%
Kufra
5%
Ubari
5%
Ghadames East
0%
No matching quizzes found
Score Distribution
Percent of People with Each Score
Percentile by Number Answered
Your Score History
You have not taken this quiz